Państwa leżące nad Morzem Śródziemnym - Statystyki

Ogólne statystyki
  • Ten quiz został rozwiązany 1 787 razy
  • Średni wynik to 18 z 21
Statystyki odpowiedzi
Państwo % Poprawnych
Hiszpania
98%
Włochy
98%
Grecja
96%
Egipt
94%
Turcja
94%
Chorwacja
93%
Francja
91%
Albania Gibraltar (Wielka Brytania)
90%
Maroko
89%
Algieria
85%
Tunezja
84%
Izrael
82%
Bośnia i Hercegowina
81%
Cypr
79%
Czarnogóra
79%
Libia
79%
Malta
78%
Słowenia
74%
Monako
71%
Syria
67%
Liban
63%
Nie znaleziono quizów pasujących do podanych kryteriów
Rozkład punktacji
Procent ludzi z każdym wynikiem
Percentyl według liczby udzielonych odpowiedzi
Twoja historia wyników
Nie rozwiązałeś tego quizu